000 00925cam a2200301 a 4500
001 17271471
005 20180222034856.0
008 120425s2013 nyu 001 0 eng d
010 _a 2012938495
016 7 _a016284672
_2Uk
020 _a9781438001661 (pbk.)
020 _a1438001665 (pbk.)
035 _a(OCoLC)ocn829086962
040 _aBPL
_cBPL
_dYDXCP
_dUKMGB
_dBWX
_dCGP
_dABG
_dDLC
041 _aeng
042 _alccopycat
080 _a428.1 bro
082 0 4 _a428.1 bro
_222
100 1 _a38
101 _ashk
245 1 0 _aBarron's 1100 words you need to know /
_cMurray Bromberg, Melvin Gordon.
246 3 _aBarron's eleven hundred words you need to know
246 3 0 _a1100 words you need to know
246 3 _aEleven hundred words you need to know
906 _a7
_bcbc
_ccopycat
_d2
_encip
_f20
_gy-gencatlg
942 _2ddc
_cBK
999 _c43120
_d43120